000 01140njm a22002537a 4500
005 20100907112741.0
006 a|||||r|||||00| 0
007 sd ammalaaahaa
008 100907t xxu||||| |||| 00| 0 eng d
028 _aN 54068
_bHis Master's Voice
035 _aGR-01118
100 _aMohammad Rafi
_918693
245 _aApna banake dekho /
_cby Mohammad Rafi; music by Ravi; lyrics by Asad Bhopali
_h[Sound recording]
246 _aअपना बनाके देखो / मोहम्मद रफ़ी द्वारा
260 _aDum Dum, India
_bHis Master's Voice
300 _a1 sound disc [Gramophone Recording]
_banalog, 33 1/3rpm ;
_c9.5 in. (MP)
_fGramaphone Records
500 _aBrief record
505 _aSide-1 राजे दिल उनसे (Raje dil unse) (Mohammad Rafi) --Side-2 कच्चो डगर (Kaccho dagar) (Asha Bhosle and chorus)
650 _aClassical music
_xExcerpts
_zIndia
_918694
700 _aRavi
_918695
700 _aBhopali, Asad
_918696
942 _2ddc
_cGR
999 _c44159
_d44159